Algebra (Record no. 83881)
[ view plain ]
| 000 -LEADER | |
|---|---|
| fixed length control field | 01407nam a2200217 a 4500 |
| 008 - FIXED-LENGTH DATA ELEMENTS--GENERAL INFORMATION | |
| fixed length control field | 080929s1991 ||||||||||||||||| || u |
| 020 ## - INTERNATIONAL STANDARD BOOK NUMBER | |
| International Standard Book Number | 8120308719 |
| 050 ## - LIBRARY OF CONGRESS CALL NUMBER | |
| Classification number | QA 152 Art |
| 100 ## - MAIN ENTRY--PERSONAL NAME | |
| Personal name | Artin, Michael |
| 245 10 - TITLE STATEMENT | |
| Title | Algebra |
| Statement of responsibility, etc. | Michael Artin |
| 260 ## - PUBLICATION, DISTRIBUTION, ETC. | |
| Place of publication, distribution, etc. | New Delhi |
| Name of publisher, distributor, etc. | Prentice Hall of India |
| Date of publication, distribution, etc. | 1991 |
| 300 ## - PHYSICAL DESCRIPTION | |
| Extent | xviii, 618p.: ill. |
| 350 ## - | |
| -- | 35500.00 |
| 650 ## - SUBJECT ADDED ENTRY--TOPICAL TERM | |
| Topical term or geographic name entry element | TEXTBOOKS |
| 995 ## - | |
| -- | ANNEX COLLECTION (Main Library) |
| -- | 0.00 |
| -- | 738746 |
| -- | CBU-MAIN LIBRARY (Kitwe) |
| -- | 1 |
| -- | 0.00 |
| -- | QA 152 Art |
| -- | 2 |
| -- | AVAILABLE |
| -- | Sep 29, 2008 |
| -- | 738746 |
| -- | Annex Low-Usage Collection |
| 995 ## - | |
| -- | ANNEX COLLECTION (Main Library) |
| -- | 0.00 |
| -- | 738745 |
| -- | CBU-MAIN LIBRARY (Kitwe) |
| -- | 1 |
| -- | 0.00 |
| -- | QA 152 Art |
| -- | 1 |
| -- | AVAILABLE |
| -- | Sep 29, 2008 |
| -- | 738745 |
| -- | Annex Low-Usage Collection |
| 995 ## - | |
| -- | TEXTBOOKS (SBE) |
| -- | 35500.00 |
| -- | 2194 |
| -- | CBU-SCHOOL TEXTBOOK COLLECTIONS |
| -- | 1 |
| -- | 0.00 |
| -- | SCHOOL TEXTBOOK |
| -- | 6 |
| -- | AVAILABLE |
| -- | Nov 20, 2008 |
| -- | 2194 |
| -- | School Collections |
| 995 ## - | |
| -- | ANNEX COLLECTION (Main Library) |
| -- | 0.00 |
| -- | 738748 |
| -- | CBU-MAIN LIBRARY (Kitwe) |
| -- | 1 |
| -- | 0.00 |
| -- | QA 152 Art |
| -- | 4 |
| -- | AVAILABLE |
| -- | Sep 29, 2008 |
| -- | 738748 |
| -- | Annex Low-Usage Collection |
| 995 ## - | |
| -- | MAIN LIBRARY OPEN ACCESS |
| -- | 0.00 |
| -- | 738749 |
| -- | CBU-MAIN LIBRARY (Kitwe) |
| -- | 1 |
| -- | 0.00 |
| -- | QA 152 Art |
| -- | 5 |
| -- | AVAILABLE |
| -- | Sep 29, 2008 |
| -- | 738749 |
| -- | Main Library Open Access Collection |
| 995 ## - | |
| -- | ANNEX COLLECTION (Main Library) |
| -- | 0.00 |
| -- | 738747 |
| -- | CBU-MAIN LIBRARY (Kitwe) |
| -- | 1 |
| -- | 0.00 |
| -- | QA 152 Art |
| -- | 3 |
| -- | AVAILABLE |
| -- | Sep 29, 2008 |
| -- | 738747 |
| -- | Annex Low-Usage Collection |
| 999 ## - | |
| -- | 83881 |
| -- | 83881 |
| Withdrawn status | Lost status | Source of classification or shelving scheme | Damaged status | Not for loan | Permanent Location | Current Location | Shelving location | Date acquired | Total Checkouts | Full call number | Barcode | Date last seen | Copy number | Price effective from | Koha item type |
|---|---|---|---|---|---|---|---|---|---|---|---|---|---|---|---|
| CBU-MAIN LIBRARY, KITWE. | CBU-MAIN LIBRARY, KITWE. | 01/08/2024 | QA 152 Art | 738746 | 01/08/2024 | 1 | 01/08/2024 | MONOGRAPH | |||||||
| CBU-MAIN LIBRARY, KITWE. | CBU-MAIN LIBRARY, KITWE. | 01/08/2024 | QA 152 Art | 738745 | 01/08/2024 | 2 | 01/08/2024 | MONOGRAPH | |||||||
| CBU-MAIN LIBRARY, KITWE. | CBU-MAIN LIBRARY, KITWE. | 01/08/2024 | QA 152 Art | 738748 | 01/08/2024 | 4 | 01/08/2024 | MONOGRAPH | |||||||
| CBU-MAIN LIBRARY, KITWE. | CBU-MAIN LIBRARY, KITWE. | 01/08/2024 | QA 152 Art | 738749 | 01/08/2024 | 5 | 01/08/2024 | MONOGRAPH | |||||||
| CBU-MAIN LIBRARY, KITWE. | CBU-MAIN LIBRARY, KITWE. | 01/08/2024 | QA 152 Art | 738747 | 01/08/2024 | 6 | 01/08/2024 | MONOGRAPH | |||||||
| CBU-SCHOOL TEXT BOOK COLLECTION | CBU-SCHOOL TEXT BOOK COLLECTION | 01/08/2024 | SCHOOL TEXTBOOK | 2194 | 01/08/2024 | 3 | 01/08/2024 | MONOGRAPH |